| 000 | 00500 a2200193 4500 | ||
|---|---|---|---|
| 005 | 20251226113716.0 | ||
| 008 | 251226b |||||||| |||| 00| 0 eng d | ||
| 020 |
_a9788123925295 _cRs. 350.00 |
||
| 040 | _aMAIN | ||
| 082 |
_a613.2 _bV59F |
||
| 100 | _aVerma, Pooja | ||
| 245 | _aFood, nutrition and dietetics | ||
| 260 |
_bCBS Publishers and Distributors _aNew Delhi _c2023 |
||
| 300 | _axii, 146 | ||
| 650 | _aDietetics | ||
| 650 | _aNutrition | ||
| 650 | _aFood Technology | ||
| 942 | _cBK | ||
| 999 |
_c393622 _d393622 |
||